Memilih dan merawat kucing kesayangan

Bibliographic Details
Format: Book
Published: Kuala Lumpur : Synergy Media
Series:Kaedah praktikal mengatasi permasalahan
Subjects:

MARC

LEADER 00000cam a2200000 7i4500
001 0000005806
005 20090607.0
008 070809
020 |a 9831973879 
090 0 0 |a 636.8 MEM 
245 0 0 |a Memilih dan merawat kucing kesayangan 
260 |a Kuala Lumpur :   |b Synergy Media 
440 |a Kaedah praktikal mengatasi permasalahan 
650 0 |a Cats 
999 |a 0000936371   |b Book   |c Adult Collection   |e Cawangan Tangkak 
999 |a 0000936372   |b Book   |c Adult Collection   |e Cawangan Tangkak 
999 |a 0000936373   |b Book   |c Adult Collection   |e Cawangan Tangkak 
999 |a 0000980821   |b Book   |c Adult Collection   |e Cawangan Tmn. Ungku Tun Aminah 
999 |a 0000980822   |b Book   |c Adult Collection   |e Cawangan Muar 
999 |a 0000980823   |b Book   |c Adult Collection   |e Cawangan Pontian 
999 |a 0000980824   |b Book   |c Adult Collection   |e Cawangan Sri Merlong 
999 |a 0001071004   |b Book   |c Adult Collection   |e Cawangan Tangkak 
999 |a 0001071253   |b Book   |c Adult Collection   |e Cawangan Tangkak